000 00541nam a2200181 i 4500
001 bg
100 1 _aTHORPE, Thomas W.
245 0 _aComputerized circuit analysis with SPICE :
_ba complete guide to SPICE with applications /
_cThomas W. Thorpe.
260 _aNew York :
_bJohn Wiley,
_c1992.
300 _a339 s. :
_brys., wykr. ;
_c26 cm.
020 _a0471551643
040 _cBPK
041 _apol
080 _a004:621.3.049.77:621.382:621.37
920 _a0-471-55164-3
942 _cKS
008 s pl f |000 0 pol
999 _c29924
_d29924
856 _uhttp://koha.tu.koszalin.pl/cgi-bin/koha/opac-detail.pl?biblionumber=29924
_yKatalog online BPK